000 00917nas a2200301Ia 4500
001 122
003 CO-MdFUSB
005 20170407143539.0
008 151030s9999 en 000 0 e d
022 _a0144-8153
037 _bWorld Evangelical Alliance Theological Commission
040 _aCO-MdFUSB
_bspa
_cCO-MdFUSB
_dCO-MdFUSB
_erda
041 0 _aeng
_heng
245 1 0 _aThe whole world
_cWorld Evangelical Alliance Theological Commission
260 _aExeter
264 _aInglaterra :
_bWorld Evangelical Alliance Theological Commission
300 _aVolumen 34
_c22 cm.
310 _aNo aplica
_b2010
336 _2rdacontent
_a1
_ba1
337 _2rdamedia
_a2
_b5
338 _a2
362 _a2010
546 _aTexto en inglés
650 _vPublicaciones seriadas
773 _dInglaterra : World Evangelical Alliance Theological Commission, 2010.
810 _hRevista
942 _cCR
_2ddc
_a3
999 _c49399
_d49399